[Event "EU-Cup 18th"]
[Site "Kallithea"]
[Date "2002.09.27"]
[Round "6.5"]
[White "Sulypa, Oleksandr"]
[Black "Ivanov, Sergey"]
[Result "1-0"]
[WhiteElo "2505"]
[BlackElo "2561"]
[Annotator "Psakhis,L"]
[PlyCount "55"]
[EventDate "2002.09.22"]
[EventType "team-swiss"]
[EventRounds "7"]
[EventCountry "GRE"]
[SourceTitle "CBM 092"]
[Source "ChessBase"]
[SourceDate "2003.02.06"]
[SourceVersion "1"]
[SourceVersionDate "2003.02.06"]
[SourceQuality "1"]
[WhiteTeam "Karpaty"]
[BlackTeam "St Petersburg"]
[WhiteTeamCountry "UKR"]
[BlackTeamCountry "RUS"]

1. e4 e6 2. d4 d5 3. Nc3 Bb4 4. exd5 {Playing with black, I hate this line. I
even can't say that I have bad results here, but the game now becomes quite
dull and it is very difficult for Black to get real chances for victory.} exd5
5. Bd3 Nf6 ({I prefer} 5... Nc6 $5 {but the move in the text is not bad at all.
}) (5... c6) 6. a3 Be7 ({Black can play also} 6... Bxc3+ 7. bxc3 O-O 8. Ne2 Bg4
9. O-O Re8 10. f3 Bh5 11. Nf4 Bg6 {with very good chances for equalization.})
7. h3 O-O 8. Nge2 $146 (8. Nf3 h6 9. O-O c5 10. dxc5 Bxc5 11. Bf4 Nc6 12. Qd2
Re8 13. Rfe1 Be6 14. Nb5 Rc8 15. b4 Bf8 16. Nbd4 Nxd4 17. Nxd4 Bd6 18. Nb5 Bb8
19. Bxb8 Rxb8 20. Nxa7 d4 21. Nb5 Kh8 22. Qf4 Nd5 {Wismont,R-Vysochin,S/Krakow
op-A 1998/EXT 2002/1/2-1/2 (48)}) (8. Qf3 c5 9. dxc5 Nc6 10. Nge2 Bxc5 {
1/2-1/2 Bakre,T-Harikrishna,P/Asian-ch B20 2000/IND (10)}) 8... b6 {[%cal
Gc7c5]} 9. b4 c5 10. bxc5 bxc5 11. dxc5 Nbd7 $6 {Why?} ({Simple} 11... Bxc5 12.
O-O Nc6 13. Bg5 Be6 $11 {leads to an equal game.}) 12. c6 $1 {Of course!
Sulypa decided to keep the pawn and he did it.} Ne5 13. Bb5 a6 ({Worth
considering} 13... Qc7 14. Bf4 Bd6 15. Nxd5 Nxd5 16. Qxd5 Be6 17. Qd4 Rfd8 {
with reasonable compensation for the material deficit.}) 14. Ba4 Be6 15. O-O
Rc8 16. Nd4 Qa5 ({Ivanov could try} 16... Bc5 17. Nce2 ({or} 17. Be3 Bxd4 18.
Bxd4 Nxc6 19. Bxc6 Rxc6 {and White has just small advantage}) 17... Ne4 {
with active pozition of light pieces}) 17. Bd2 Nc4 18. Bb3 Qc5 ({Doesn't
solves problems and} 18... Nxd2 19. Qxd2 Bc5 20. Ba4 $36 (20. Rfd1 Bxd4 21.
Qxd4 Rxc6 $11)) 19. Bf4 $1 Nxa3 $2 ({Maybe} 19... Bd6 $5 20. Bxd6 Nxd6 21. Qd3
$14 {was better choice}) 20. Qd3 (20. Na4 $5 Qa7 21. Re1 $16 {was a good
alternative to the text.}) 20... a5 21. Rfe1 {Black is in big troubles already!
} Nh5 22. Be3 Qd6 23. Rxa3 $5 ({White had already pleasant choice-} 23. Nxd5 $5
Bxd5 24. Nf5 Qc7 25. Nxe7+ Qxe7 26. Bxd5 $18) 23... Qxa3 24. Ncb5 Qb2 (24...
Qb4 25. c3 $18) 25. Bc1 Qb1 26. Bd2 Qb2 27. Bc3 {[%csl Rb2]} Nf4 28. Qf3 1-0

[Event "RUS-Cup07"]
[Site "Tomsk"]
[Date "1998.07.21"]
[Round "7"]
[White "Tregubov, Pavel V"]
[Black "Matveeva, Svetlana"]
[Result "1-0"]
[WhiteElo "2560"]
[BlackElo "2460"]
[Annotator "Psakhis,L"]
[PlyCount "67"]
[EventDate "1998.07.15"]
[EventType "swiss"]
[EventRounds "9"]
[EventCountry "RUS"]
[SourceTitle "CBM 067"]
[Source "ChessBase"]
[SourceDate "1998.11.30"]
[SourceVersion "2"]
[SourceVersionDate "1998.11.01"]
[SourceQuality "1"]

1. e4 e6 2. d4 d5 3. exd5 exd5 4. Nf3 Nc6 5. Bd3 {Modest move, but} (5. Bb5 Bd6
6. c4 {goes almost to the force draw after} dxc4 7. d5 a6 8. Ba4 b5 9. dxc6
bxa4 10. Qxa4 Ne7 11. O-O O-O 12. Nbd2 c3 13. bxc3 Qe8 14. Ne4 Qxc6 15. Qxc6
Nxc6 16. Nxd6 cxd6 {1/2-1/2 Kosashvili,Y-Dolmatov,S/Haifa 1995}) 5... Bd6 6.
O-O Nge7 7. c4 dxc4 8. Bxc4 {Modern setup, white,s small advantage in space
and active pieces will be enough compensation for isolated pawn.} O-O 9. Nc3 (
9. h3 Be6 10. Bxe6 fxe6 11. Re1 (11. Nc3 Qe8 12. Re1 Qg6 13. Re4 Rae8 14. Qe2
Nd5 15. Rg4 $14 {0-1 Polgar,J-Kramnik,V/Dos Hermanas 1997 (44)}) 11... Nf5 12.
Re4 Be7 13. Be3 Bf6 14. Nc3 Kh8 15. Rxe6 {1/2-1/2 Gomez Baillo,J-Giaccio,A/
ARG-ch Buenos Aires 1998}) 9... Bg4 10. h3 {N/} (10. Be3 Nf5 11. Qd3 Nxe3 12.
fxe3 Kh8 13. Nb5 Be7 14. Qe4 f5 15. Qd5 Bd6 16. Nxd6 cxd6 17. Rac1 a6 18. Bb3
Rb8 $11 {0-1 Bondar,A-Danielian,O/Moscow op 1998 (43)}) 10... Bh5 (10... Bxf3
11. Qxf3 Nxd4 12. Qxb7 $14) 11. g4 $1 Bg6 12. a3 $14 {[%cal Ra2f7,Gf1e1,Gf3e5]}
h5 $6 {Risky move, I would prefer simple development continuation} (12... Qd7
13. Re1 Rae8 {and bad now} 14. Ne5 $2 {because of} Bxe5 15. dxe5 Qxd1 16. Nxd1
Nd4 $17 {[%cal Rd4f3,Rd4c2]}) 13. Be3 Qd7 (13... hxg4 14. hxg4 Qd7 15. Nh4) 14.
Nh4 {[%cal Rf2f5]} Rad8 15. f4 $36 Bh7 16. Qf3 (16. f5 $5 Bg3 $140 17. Nf3 $36)
16... Nc8 17. Rad1 (17. f5 $5 {[%cal Rg4g6]} Be7 18. Ng6 (18. g5 $5 Nxd4 $6 19.
Qxh5 Nxf5 20. g6 $18) 18... Nxd4 19. Qe4 Rfe8 $140 $4 20. Bxf7+) 17... Rfe8 18.
Ng2 $6 ({Active} 18. f5 $5 {produced many troubles for black, for example:} Nb6
19. Ba2 Qe7 20. Ng2 $40 {[%cal Rg4g6]}) 18... Na5 19. Ba2 Nb6 {[%csl Gc4][%cal
Ga5c4]} 20. f5 Nac4 21. Bg5 (21. Bc1 $5 $36) 21... Nxb2 22. Rb1 N2c4 (22...
Bxa3 $5) 23. a4 $5 (23. Bxd8 Nd2 24. Qxb7 Qxd8 $5 25. Qxa7 hxg4 26. hxg4 Qf6
$132 {[%csl Rg1][%cal Rf6h6]}) 23... Be7 (23... Rb8) 24. Bxe7 Qxe7 (24... Qxd4+
25. Rf2 Rxe7 26. Rd1 Ne5 $8 27. Qe2 Nd3 28. Rxd3 (28. Qxe7 Qxf2+ 29. Kh2 Qd4
30. Bb1 $18) 28... Rxe2 29. Rxd4 Rxd4 30. Rxe2 $18) 25. Rfd1 hxg4 26. hxg4 Qg5
(26... c6 $5) 27. a5 (27. Bxc4 Nxc4 28. Rxb7 Ne3 $1 29. Re1 (29. Nxe3 Rxe3 30.
Ne4 $1 Qh6 $1) 29... Nxg4 $17) 27... Nd2 $2 ({Mistake, maybe in time troubles,
after} 27... Nxa5 $1 28. Ne4 (28. Nb5 Re7 $17) 28... Qe7 29. Re1 Nc6 {
Matveeeva could get an advantage.}) 28. Rxd2 Qxd2 29. Rd1 (29. axb6 $2 Qxd4+)
29... Qb2 30. axb6 axb6 $2 (30... Qxb6 $8 $132) 31. g5 $1 $40 {[%cal Rg5g6]}
Kf8 $2 $138 (31... Ra8 $1 32. g6 Rxa2 33. gxf7+ $5 Kxf7 34. Nxa2 Kg8 35. Nc3
$16) 32. g6 $18 Bg8 33. f6 $1 {[%csl Gf6,Gg6][%cal Ra2f7]} gxf6 34. Qxf6 1-0

[Event "Montreal-A 5th"]
[Site "Montreal"]
[Date "2004.08.07"]
[Round "4"]
[White "Bluvshtein, Mark"]
[Black "Efimenko, Zahar"]
[Result "0-1"]
[WhiteElo "2462"]
[BlackElo "2572"]
[Annotator "Psakhis,L"]
[PlyCount "72"]
[EventDate "2004.08.04"]
[EventType "tourn"]
[EventRounds "11"]
[EventCountry "CAN"]
[EventCategory "12"]
[SourceTitle "CBM 103"]
[Source "ChessBase"]
[SourceDate "2004.11.11"]
[SourceVersion "1"]
[SourceVersionDate "2004.11.11"]
[SourceQuality "1"]

1. e4 e6 2. d4 d5 3. Nc3 Bb4 4. exd5 exd5 5. Bd3 Ne7 (5... Nc6 $5) (5... Nf6 $5
) 6. Qh5 Qd6 $5 {A rare, but, maybe, not bad move at all. Black also tried:} (
6... c6 7. Nge2 Nd7 8. Bg5 Nf8 9. O-O h6 10. Bh4 Qd7 11. a3 Bd6 12. Bg3 Nh7 13.
Bxh7 Rxh7 14. Rae1 Kf8 15. Nc1 Nf5 16. N3e2 Qd8 17. Bxd6+ Nxd6 18. Ng3 g6 19.
Qe2 h5 20. Nd3 h4 21. Nh1 Bf5 $13 {1/2-1/2 De la Riva Aguado,O-Gallego Eraso,F/
Andorra Andbanc Quad 2004/(28)}) (6... c5 $6 7. dxc5 d4 8. a3 Qa5 9. axb4 $1
Qxa1 10. Nce2 Nbc6 11. Nf3 Nxb4 12. Bb5+ Nbc6 13. O-O Qa5 14. Nexd4 Bd7 15. Bc4
Ng6 16. Nb5 $40 {1-0 Glek,I-Hochstrasser,M/Zuerich Weihnachts op 1999 (23)}) (
6... Nbc6 7. a3 (7. Nf3 Be6 8. a3 Bd6 9. Nb5 Qd7 10. Ng5 g6 11. Qf3 O-O-O 12.
O-O h6 13. Nxe6 fxe6 14. c4 dxc4 15. Bxc4 Nf5 16. Be3 a6 17. Nxd6+ Qxd6 18. Qe4
{1/2-1/2 Arnason,J-Uhlmann,W/Novi Sad olm 1990 (18)}) 7... Bd6 8. Nge2 Be6 9.
O-O Qd7 10. Nb5 O-O-O 11. b4 Nf5 12. Bxf5 Bxf5 13. Nxd6+ cxd6 14. Ng3 Be6 15.
c4 Ne7 16. c5 Ng6 17. Bd2 Kb8 $14 {1-0 Kritz,L-Firman,N/Wch B18 Oropesa del
Mar 2000/ (52)}) 7. a3 $146 (7. Nge2 Nd7 8. Bf4 Bxc3+ 9. bxc3 Qc6 10. O-O Nf6 {
1/2-1/2 Becerra Rivero,J-Arencibia,W/CUB-ch Santa Clara 1999/ (10)}) 7... Bxc3+
8. bxc3 Nd7 {[%cal Gd7f6]} 9. Ne2 (9. Nf3 Ng6 10. O-O Nf6 11. Re1+ Be6 12. Qg5
O-O-O $13) 9... Ng6 $1 (9... Nf6 10. Qg5 $5) 10. O-O Nf6 11. Qg5 (11. Qf3 $5
O-O (11... Bg4 12. Qe3+) 12. h3 Re8 $13) 11... O-O {Black achieved everything
he wanted from the opening and all his pieces have occupied ideal positions in
this variation.} 12. a4 {[%cal Rc1a3]} (12. c4 dxc4 13. Bxc4 Be6 $11) 12... Re8
13. Ba3 Qd7 {[%csl Ra4]} 14. a5 Ne4 15. Qc1 (15. Qh5 $5) 15... b6 (15... Qc6 $5
) 16. a6 {[%csl Ra6]} (16. f3 $142 Nd6 17. Nf4) 16... c6 17. f3 Nd6 18. f4 $2 {
[%csl Re4]} (18. Nf4 $5) 18... f5 $1 {The closed position gives Black an
opportunity to neutralize White's activity and to obtain a competent play.} 19.
Ng3 (19. Bxd6 $5 Qxd6 20. Ng3) 19... Ne4 20. Bb4 {[%csl Rb4] White's
dark-squared bishop is very passive, which determines black's advantage} Qf7
21. Nxe4 dxe4 $5 (21... fxe4 22. Be2 Nh4 $5) 22. Be2 Rd8 (22... Be6 $5 {
[%cal Ge6c4]}) 23. Qa3 (23. Bh5 $5) 23... Be6 24. Bh5 Bc4 {Efimenko exploits
the weak light sqares in his opponent's camp.} 25. Rfe1 {[%cal Gb4d6,Gd6e5]}
Qe6 $1 26. Bxg6 Qxg6 {[%csl Rb4,Gc4] Black's chances are much better, thanks
to the better pawn structure and to more active pieces.} 27. Re3 (27. Be7 Rd7
28. Bh4 Qg4 $17) 27... Rd7 {Black has played vigorously and has obtained an
almost winning position.} 28. Rae1 Qh6 (28... c5 $142 $5 29. dxc5 Rd2 30. Rg3 (
30. g3 Qh6 31. h4 b5 $5 {[%csl Gc4,Gd2,Gh6]}) 30... Qh6 31. Rg5 Qh4 $19) 29. g3
(29. Be7 Qxf4 $19) 29... c5 $1 30. dxc5 Qh3 $1 {[%cal Rd7d2]} (30... Rd2 {
was good enough}) 31. Qc1 (31. g4 Qxg4+ 32. Rg3 Qxf4 $19) 31... Rad8 $19 {
White can't protect his king anymore. The rest is simple.} 32. g4 $8 (32. cxb6
Rd2 33. R3e2 Rxe2 34. Rxe2 Bxe2) (32. c6 Rd2 33. R3e2 Rxe2 34. Rxe2 Bxe2 35. c7
Re8 $19) 32... Qh4 (32... Qxg4+ $143 33. Rg3) 33. Rg3 Rd2 34. Rg2 e3 $1 35.
gxf5 Rxg2+ 36. Kxg2 Bd5+ 0-1

[Event "Olympiad-34"]
[Site "Istanbul"]
[Date "2000.10.30"]
[Round "3.1"]
[White "Annageldyev, Orazly"]
[Black "Nikolic, Predrag"]
[Result "1-0"]
[WhiteElo "2491"]
[BlackElo "2657"]
[Annotator "Psakhis,L"]
[PlyCount "81"]
[EventDate "2000.10.28"]
[EventType "team-swiss"]
[EventRounds "14"]
[EventCountry "TUR"]
[SourceTitle "EXT 2001"]
[Source "ChessBase"]
[SourceDate "2000.11.22"]
[SourceVersion "1"]
[SourceVersionDate "2000.11.22"]
[SourceQuality "1"]
[WhiteTeam "Turkmenistan"]
[BlackTeam "Bosnia&Herzegovina"]
[WhiteTeamCountry "TKM"]
[BlackTeamCountry "BIH"]

1. e4 e6 2. d4 d5 3. Nc3 Bb4 4. exd5 exd5 5. Bd3 Nc6 (5... Nf6 $5) (5... c6 $5)
6. a3 Bxc3+ (6... Be7 7. Nf3 Bg4 8. Be3 Nf6 9. h3 Bh5 10. Qe2 O-O 11. g4 Bg6
12. Bxg6 hxg6 13. O-O-O Na5 14. Ne5 c6 15. h4 $40 {1-0 Galego,L-Ryan,J/
Mondariz zt 2000/CBM 79 (39)}) 7. bxc3 Qf6 {I don't like this move and would
prefer to see on f6 knight but not queen -} (7... Nf6 8. Ne2 O-O 9. O-O Na5 {
looks good for Black, for example} 10. Ng3 Bg4 11. f3 Bd7 12. Re1 Nc4 13. Bf4
Re8 14. Be5 h6 15. Bxc4 dxc4 16. Qe2 Be6 17. Bxf6 Qxf6 18. Ne4 Qd8 $11 {
1/2-1/2 Spraggett,K-Eingorn,V/Metz op 1997 (35)}) 8. Qh5 ({Another good move
in this position is} 8. Rb1 $5 {[%cal Gb1b7]}) 8... Nge7 9. Bg5 Qe6+ 10. Ne2
Qg4 11. Ng3 $1 {Stronger than} (11. Qxg4 Bxg4 12. f3 Bf5 13. Rb1 f6 14. Bd2
O-O-O 15. Kf2 Na5 16. Rhe1 Rhe8 $11 {Fressinet,L-Bricard,E/Saint Affrique op
2000/ 1-0 (38)}) 11... h6 ({Worth consideration} 11... Qxh5 $5 12. Nxh5 O-O {
and after} 13. Bxe7 (13. Bf4 Bg4 14. Ng3 Rac8) (13. Rb1 $5) 13... Nxe7 14. Kd2
Bd7 15. Rhe1 Rfe8 16. Nf4 Bc6 17. Re3 g6 18. h4 Rad8 19. Rae1 Kf8 $11 {Dorfman,
J-Bricard,E/Cannes op 1992/1/2-1/2 (61) Black equlised chances}) 12. Bxe7 $5
$146 (12. Be3 g6 13. Qxg4 Bxg4 14. c4 O-O-O 15. cxd5 Nxd5 16. O-O Be6 17. Ne4
Nde7 18. c3 Ne5 19. Be2 Bc4 20. Rfe1 Bxe2 21. Rxe2 Nc4 22. Nf6 Nd5 23. Nxd5
Rxd5 24. Bf4 g5 25. Bg3 f5 26. f4 g4 {Hund,B-Dahlgrun,A/GER-ch w 1987/0-1 (60)}
) 12... Nxe7 13. O-O Qxh5 14. Nxh5 O-O 15. Rae1 {Compare to aready mentioned
game Dorfman,J-Bricard,E/Cannes op 1992 white's initiative is more dangerous
here- Black lost tempi on h6 - but still black's position is very tough.} Re8 (
15... Nc6 $6 16. Nf4 Rd8 $140 17. Nxd5 $1 $18) (15... Ng6 16. f4 Bg4 17. Ng3
$36 {[%csl Rg4,Rg6][%cal Gf4f5]}) 16. Re3 Kf8 (16... Bg4 $2 17. Nxg7 $1 (17.
Rfe1 Bxh5 18. Rxe7 Kf8 $11) 17... Kxg7 18. Rg3 $16) 17. Rfe1 Be6 (17... Bg4 $2
18. Nxg7) 18. f4 g6 ({Doesn't look to bad and} 18... Ng8 $5 19. f5 Bd7) 19. Nf6
Red8 20. g4 $36 {[%csl Gf6]} Rd6 (20... Kg7 $142 $1 21. g5 Ng8 $11) 21. g5 Kg7
22. h4 hxg5 (22... Ng8 23. f5 $1 gxf5 24. Nh5+ Kh8 25. Nf4) 23. hxg5 Ng8 24. f5
$1 {Annageldyev plays all game with great energy} gxf5 25. Nh5+ Kg6 26. Rh3 $1
Bd7 ({It was very dangerous to take second pawn -} 26... Kxg5 27. Rg3+ $1 (27.
Re2 Nh6 $1 {[%cal Gh6g4]}) 27... Kh6 (27... Kxh5 $4 28. Re2 $18 {[%cal Re2h2]})
28. Kf2 Ne7 (28... Bd7 29. Rh1 Rg6 30. Nf6+ $18) 29. Nf4 (29. Rh1 Ng6) 29...
Ng6 30. Rxg6+ fxg6 31. Nxe6 {[%cal Re1h1]} Kh7 $8 32. Nxc7 Rc8 33. Re7+ Kh6 34.
Bf1 $1 $16 {[%cal Gf1g2] and white's advantage is obvious}) 27. Kf2 (27. Nf4+
Kxg5 28. Rg3+ Kh6 $8 (28... Kxf4 29. Kg2 $18) 29. Kf2 Kh7) 27... Re8 28. Nf4+
Kg7 29. Reh1 (29. Rxe8 Bxe8 30. Bxf5 $36) 29... b6 (29... Kf8 $5) (29... b5 $5)
30. c4 $1 {White calmly brings more pieces into attack, making Black's
survival impossible.} dxc4 (30... Ne7 31. Rh7+ Kf8 32. Rh8+ Ng8 33. cxd5 $18)
31. Bxc4 {[%csl Gc4][%cal Rh3h7]} Kf8 32. Rh7 Re7 33. Nd5 $1 Be6 (33... Rc6 34.
g6 $1 Rxg6 (34... Rxc4 35. g7+ Ke8 36. Rh8 Rxc2+ 37. Kg3 f4+ 38. Kxf4 $18) (
34... fxg6 35. Nxe7 Nxe7 36. Rh8+ Kg7 37. R1h7+ Kf6 38. Rf7+ $18)) (33... Re4
$5 34. Nxc7 $1 (34. Nf6 Rxf6 (34... Nxf6 35. Rxf7+ Kg8 36. Rxd7+ $18) 35. gxf6
Be6 $16) 34... Re7 35. Nd5 Re4 36. Nf6 $18) 34. Nxe7 Nxe7 (34... Kxe7 35. Re1)
35. Bxe6 Rxe6 (35... fxe6 36. Rh8+ Ng8 37. Ke3 $18) 36. Rh8+ Ng8 37. R1h6 $1
$18 {White has both positional and material advantage, so the rest is pretty
clear} Re4 (37... Rg6 38. Kf3 (38. Rxg6 fxg6 39. Rh7 Ne7 40. c4 a6 41. a4 $18)
38... Rxg5 39. Rc6 Kg7 40. Rh1 Rg4 41. Rd1 $18) 38. c3 c5 (38... Rg4 39. Rc6)
39. d5 c4 (39... Rc4 40. g6 Rxc3 41. gxf7 Kxf7 42. R8h7+ Kf8 43. Rc6) 40. g6 $1
Rg4 41. d6 1-0

[Event "RUS-ch qual 57th"]
[Site "St Petersburg"]
[Date "2004.05.22"]
[Round "2"]
[White "Andreikin, Dmitry"]
[Black "Gleizerov, Evgeny"]
[Result "1-0"]
[WhiteElo "2418"]
[BlackElo "2592"]
[Annotator "Psakhis,L"]
[PlyCount "49"]
[EventDate "2004.05.21"]
[EventType "swiss"]
[EventRounds "9"]
[EventCountry "RUS"]
[SourceTitle "CBM 102"]
[Source "ChessBase"]
[SourceDate "2004.09.23"]
[SourceVersion "1"]
[SourceVersionDate "2004.09.23"]
[SourceQuality "1"]

1. e4 e6 2. d4 d5 3. exd5 exd5 4. Nf3 Bd6 5. Bd3 (5. c4 $5) 5... Ne7 6. O-O
Nbc6 $11 {Black hasn't even a shadow of troubles in this line.} 7. c3 Bg4 (7...
Bf5 $5 8. Bxf5 Nxf5 9. Qb3 Rb8 10. Re1+ Nfe7 $11) 8. Bg5 Qd7 9. Nbd2 f6 ({
I would prefer} 9... O-O $5 $11 {with equal chances}) 10. Bh4 Ng6 (10... Nf5
11. Re1+ Nce7 12. Bxf5 Bxf5 13. Bg3 Bxg3 14. hxg3 O-O 15. Nh4 Rfe8 16. Nxf5
Nxf5 17. Qb3 c6 $11 {1/2-1/2 Izbinski,B-Schmidt,W/POL t-ch Krynica 1997 (30)})
(10... h5 11. Qc2 O-O-O 12. Rfe1 Bf5 13. Nf1 Bxd3 14. Qxd3 g5 15. Bg3 Bxg3 16.
fxg3 Nf5 17. Ne3 Nce7 $11 {McMorrow,J-Rendle,T/Aberdeen Glorney Cup 2004/0-1 
(61)}) ({It would have been much safer to evacuate the king from the centre} 
10... O-O-O 11. b4 g5 12. Bg3 Ng6 13. Qa4 Kb8 14. Bb5 Nge7 15. Rab1 h5 16. Rb3
h4 17. Bxc6 Qxc6 18. Qxc6 Nxc6 $11 {1/2-1/2 Artamonova,V-Romanova,I/St.
Petersburg-11 w 2002 (58)}) 11. Bg3 Nf4 12. Bxf4 $5 $146 (12. Re1+ Ne7 13. Bc2
O-O 14. Nf1 c6 15. Ne3 Bh5 16. Qb1 Bxf3 17. gxf3 Qh3 18. Bf5 Nxf5 19. Qxf5 Rfe8
20. Bxf4 Qxf5 21. Nxf5 Bxf4 22. Nh4 Kf7 23. Ng2 Bd6 24. Re3 Re6 25. Rae1 Rae8
26. h3 g6 {Wouterson,R-Van der Berg,E/Haarlem op 1986/0-1 (72)}) (12. Bb5 $5 a6
13. Re1+ Kf7 14. Bf1 (14. Bxc6 $5 bxc6 (14... Qxc6 15. Ne5+ $1 fxe5 16. Qxg4
$18) 15. h3 Bh5 16. Bxf4 Bxf4 17. Nb3 Rhe8 $13) 14... Ne7 15. c4 c6 16. h3 Bh5
17. Bxf4 Bxf4 18. Nb3 b6 19. Ng5+ (19. c5 b5 20. Ne5+ $5) 19... Kg6 20. Nf3 Kf7
21. Ng5+ Bxg5 22. Qxh5+ g6 23. Qf3 a5 {Trojek,P-Vrana,F/Moravia t-ch 1998/0-1 
(42)}) 12... Bxf4 13. h3 Be6 (13... Bh5 14. Re1+ Ne7 15. Qb3 O-O-O 16. Qa3 Nc6
17. b4 $14) 14. Re1 {The fight has taken a favourable turn for White.} O-O-O {
[%csl Rc8] A risky move! Black either underestimated the danger or didn't see
a decent alternative.} (14... O-O 15. Qc2 $36 {also looks nice for white.}) ({
As know how badly this move turned out for Black in this game, I dare
suggesting} 14... Kf7 $5 {with good chances for defense}) 15. Nb3 {[%cal Gb3c5]
Black does not have weak pawns but falls behind in development} Bd6 (15... Bxh3
16. Nc5 (16. gxh3 Qxh3 17. Bf1 Qg4+ 18. Bg2 $16) 16... Qg4 17. Bf1 Qg6 $140 18.
Qd3 $1 $18 {[%cal Rd3b5]}) 16. Bb5 $1 $16 {[%cal Rb3a5][%mdl 128] Now there is
no doubt of White's advantage - all his pieces stand better, while Black does
not have any compensation for the poor position of his king.} Rde8 (16... Bxh3
17. gxh3 Qxh3 18. Bf1 Qg4+ 19. Bg2 $16) 17. Nc5 (17. Na5 $5) 17... Bxc5 18.
dxc5 a6 (18... Bf5 19. Nd4 Rxe1+ 20. Qxe1 $16) 19. Bxc6 $1 Qxc6 (19... bxc6 20.
Nd4 Bf7 21. Qa4 Kb7 22. Nb3 {[%csl Rb7][%cal Rb3a5]}) 20. Nd4 Qd7 21. c6 $1 {
Final blow!} bxc6 (21... Qd6 22. Nxe6 Rxe6 23. Qg4 Rhe8 24. Rxe6 Qxe6 25. Re1
$1 $18) (21... Qf7 22. cxb7+ Kxb7 (22... Kb8 23. Qe2 Bd7 24. Qxa6 $18) 23. Nxe6
) 22. Qe2 $18 Qd6 23. Nxe6 Kd7 24. Qg4 Rxe6 25. Rxe6 (25. Rxe6 Qxe6 26. Qxg7+ {
[%csl Rh8]}) 1-0

[Event "EU-chT (Men) 13th"]
[Site "Leon"]
[Date "2001.11.06"]
[Round "1.2"]
[White "Miezis, Normunds"]
[Black "Short, Nigel D"]
[Result "0-1"]
[WhiteElo "2501"]
[BlackElo "2675"]
[Annotator "Psakhis,L"]
[PlyCount "70"]
[EventDate "2001.11.06"]
[EventType "team-swiss"]
[EventRounds "9"]
[EventCountry "ESP"]
[SourceTitle "CBM 086"]
[Source "ChessBase"]
[SourceDate "2002.02.05"]
[SourceVersion "1"]
[SourceVersionDate "2002.02.05"]
[SourceQuality "1"]
[WhiteTeam "Latvia"]
[BlackTeam "England"]
[WhiteTeamCountry "LAT"]
[BlackTeamCountry "ENG"]

1. c4 e6 2. e4 d5 3. exd5 exd5 4. d4 Nf6 5. Nf3 Be7 (5... Bb4+ {is also good
move}) 6. Nc3 O-O 7. Be2 ({It looks that} 7. Bd3 {could offer more active
possibilities or white, for example} Nc6 8. cxd5 Nxd5 9. O-O Bg4 10. h3 Bh5 11.
Bxh7+ Kxh7 12. Ng5+ Kg8 13. Qxh5 Nf6 14. Qh4 Qxd4 15. Nce4 Qd3 16. Bf4 $36 {
1/2-1/2 Miezis,N-Shirov,A/Tallinn rapid 2000 (77)}) 7... Nc6 (7... Bg4 8. c5 c6
9. O-O Nbd7 10. Bf4 Re8 11. b4 Nf8 12. h3 Ng6 13. Bg3 Bf5 14. Qb3 Nh5 15. Ne5
Nhf4 {0-1 Walker,H-Payne,R/BCF t-ch3 0001 2001/ENG (28)}) 8. O-O (8. h3 Be6 9.
cxd5 Nxd5 10. O-O Re8 11. Bb5 Nxc3 12. bxc3 Bd5 13. Re1 Qd6 14. Qe2 Qf6 15. Nh2
a6 16. Bd3 Rad8 17. Ng4 Qh4 {1-0 Ragosin,J-Koerholz,L/RLP t-ch 9899 1999/
Chess-international (26)}) 8... Be6 $146 (8... dxc4 9. Bxc4 a6 10. a3 Bf5 11.
d5 Na7 12. Bf4 Nc8 13. Nd4 Bg6 14. Re1 Nd6 15. Bd3 Re8 16. Qf3 Qd7 17. h3 Nh5
$11 {Petronijevic,Z-Petkovic,R/YUG-ch op 1995/0-1 (64)}) (8... Bg4 9. cxd5 Nb4
10. h3 Bh5 11. Bf4 Nbxd5 12. Bh2 Bd6 13. Re1 Bxh2+ 14. Nxh2 Bxe2 15. Rxe2 c6
16. Qd2 Qb6 17. Rae1 Rad8 18. Nf3 h6 $11 {1/2-1/2 Filippov,N-Aliabiev,B/
Moscow-ch 1996 (47)}) 9. cxd5 (9. c5 $5 Ne4 10. Qb3) 9... Nxd5 $11 {I don,t
see even shadow of troubles for Black in this line} 10. Bb5 Ncb4 11. Re1 (11.
a3 a6 12. Ba4 b5 $5) 11... a6 12. Bf1 Re8 13. Bd2 Nc6 14. h3 Bf6 15. Re4 Qd7
16. Bg5 ({Worth considering} 16. Na4 $5 b6 17. Nc3 {trying to weaken <<}) 16...
h6 17. Bxf6 (17. Nxd5 $2 Qxd5 $19) 17... Nxf6 18. Rf4 (18. Re3 Rad8 {[%csl Rd4]
}) (18. Rh4 $5) 18... Rad8 19. Qd2 Qe7 $36 {[%csl Rd4][%cal Gd8d2]} 20. Rh4 Rd6
21. Re1 Red8 22. Bd3 (22. Bc4 Qd7 $15) 22... Qf8 $1 {[%cal Rg7g5] With strong
threat- g5!} 23. Rf4 $8 (23. Bb1 g5 $1 24. Ne4 (24. Nxg5 hxg5 25. Qxg5+ Qg7 $19
) 24... Nxe4 25. Rhxe4 Bf5 26. R4e3 Bxb1 27. Rxb1 Nxd4 $19) 23... Bc8 $1 {
[%cal Gg7g5] Again g5 is in the air, and it is very difficult for White to
stop it.} (23... Nb4 24. Rxf6 gxf6 25. Ne4) 24. h4 Nh5 {[%csl Rf4]} 25. d5 (25.
Rfe4 Bf5) 25... Nxf4 26. Qxf4 Ne7 27. Qe4 {White pieces are active, but not
active enough to compensate exchange.} Nf5 28. h5 (28. g4 Rg6 29. Qf4 Nxh4 $1
30. Bxg6 Nxg6 31. Qxc7 Bxg4 $19) 28... c6 (28... Rb6 $5 {[%cal Gb6b4]}) 29. Qf4
g5 ({Maybe} 29... Ne7 $5 {was easiest way to victory, for example} 30. Qe4 $140
Bf5 31. Qxe7 Bxd3 $19) 30. hxg6 fxg6 31. Ne4 Rxd5 32. Bc4 Be6 33. g4 (33. Bxd5
Bxd5 34. g4 $5 $17) 33... g5 34. Nfxg5 $2 {Serious mistake, everything will be
not so clear after} (34. Bxd5 $1 Rxd5 (34... gxf4 35. Bxe6+ Kg7 36. Bxf5 $132)
35. Nfxg5 hxg5 36. Qxg5+ Qg7 37. Nf6+ Kf7 38. Qxg7+ Nxg7 39. Nxd5 Bxd5 40. f4
$5) 34... hxg5 35. Qxg5+ Ng7 (35... Ng7 36. Nf6+ Kf7 37. Nxd5 Bxd5 $19) 0-1